Latinos (as) y la descolonización del imperio estadounidense en el Siglo XXI. = Latinos and the De-colonization of the United States empire in the 21st century. = Latinos (as) e a descolonizaçao do império estadounidense no século XXI

Na minha lista:
Detalhes bibliográficos
Autor principal: Grosfoguel, Ramon
Formato: Texto
Assuntos:
Tags: Adicionar Tag
Sem tags, seja o primeiro a adicionar uma tag!

MARC

LEADER 00000 a a2200000 04500
001 18378
003
040
100 |a Grosfoguel, Ramon  
245 |a Latinos (as) y la descolonización del imperio estadounidense en el Siglo XXI. =   |b Latinos and the De-colonization of the United States empire in the 21st century. = Latinos (as) e a descolonizaçao do império estadounidense no século XXI  
650 |a COLONIZACION RURAL  
650 |a IMPERIALISMO  
650 |a CAPITALISMO  
650 |a SOCIOLOGIA  
650 |a AMERICA LATINA  
773 |g número 6; páginas 115-135  
999 |c 34489  |d 34489